Con los pies desnudos (Record no. 138583)

MARC details
000 -LEADER
campo de control de longitud fija 00646nam a2200205 4500
001 - NÚMERO DE CONTROL
campo de control 138583
003 - IDENTIFICADOR DE NÚMERO DE CONTROL
campo de control ES-MaACL
005 - FECHA Y HORA DE LA ÚLTIMA TRANSACCIÓN
campo de control 20230906195608.0
007 - CAMPO FIJO DE DESCRIPCIÓN FÍSICA--INFORMACIÓN GENERAL
campo de control de longitud fija t|
008 - DATOS DE LONGITUD FIJA--INFORMACIÓN GENERAL
campo de control de longitud fija 070214s1973 sp r ||||1| spa d
100 1# - ENTRADA PRINCIPAL--NOMBRE DE PERSONA
Nombre de persona Santamaría, Concepción.
9 (RLIN) 103282
245 10 - MENCIÓN DEL TÍTULO
Título Con los pies desnudos
Resto del título : novela /
Mención de responsabilidad, etc. Concepción Santamaría.
260 ## - PUBLICACIÓN, DISTRIBUCIÓN, ETC.
Lugar de publicación, distribución, etc. Madrid :
Nombre del editor, distribuidor, etc. Literoy,
Fecha de publicación, distribución, etc. 1973.
300 ## - DESCRIPCIÓN FÍSICA
Extensión 188 p. ;
Dimensiones 20 cm.
500 ## - NOTA GENERAL
Nota general Al ejemplar con signatura E-5425 le faltan las p. 80-96.
852 ## - LOCALIZACIÓN
Ubicación ES-MaACL
Número de control de estantería C-48588
Sublocalización o colección R.85342
852 ## - LOCALIZACIÓN
Ubicación ES-MaACL
Número de control de estantería E-5015
Sublocalización o colección R.88968
852 ## - LOCALIZACIÓN
Ubicación ES-MaACL
Número de control de estantería E-5426
Sublocalización o colección R.89769
852 ## - LOCALIZACIÓN
Ubicación ES-MaACL
Número de control de estantería E-5425
Sublocalización o colección R.89770
Holdings
Estatus retirado Estado de pérdida Estado de daño No para préstamo Biblioteca de origen Biblioteca actual Ubicación en estantería Fecha de adquisición Fuente de adquisición Total de préstamos Signatura topográfica completa Código de barras Visto por última vez Precio de reemplazo Tipo de ítem Koha
        Biblioteca del Ateneo de Madrid Biblioteca del Ateneo de Madrid Depósito 2 17/01/2008     E-5425 1144210 23/02/2023 23/02/2023 Libro impreso
        Biblioteca del Ateneo de Madrid Biblioteca del Ateneo de Madrid Depósito 2 17/01/2008     C-48588 1144207 23/02/2023 23/02/2023 Libro impreso
        Biblioteca del Ateneo de Madrid Biblioteca del Ateneo de Madrid Depósito 2 17/01/2008     E-5015 1144208 23/02/2023 23/02/2023 Libro impreso
        Biblioteca del Ateneo de Madrid Biblioteca del Ateneo de Madrid Depósito 2 17/01/2008     E-5426 1144209 23/02/2023 23/02/2023 Libro impreso